| 000 | 00390nam a2200121Ia 4500 | ||
|---|---|---|---|
| 008 | 180222s9999||||xx |||||||||||||| ||und|| | ||
| 020 |
_c0 _a978-986-87650-4-7 |
||
| 100 | _a陳肇文 | ||
| 245 | 0 |
_c陳肇文 _a跨領域團隊合作照護訓練:課程設計教案範例 |
|
| 250 | _a初版 | ||
| 260 |
_b財團法人醫院評鑑暨醫療品質策進會 _c2012.09 _a新北市 |
||
| 300 |
_c cm. _a p. |
||
| 942 |
_2ccl _cBOOK |
||
| 999 |
_c6549 _d6549 |
||